Firemná komunikácia v turbulentných časoch láka aj personalistov: ako z nevýhody urobiť výhodu?

Prvý workshop na Slovensku v Košiciach, venovaný téme firemná komunikácia. Správanie zamestnávateľa v ťažkých časoch. Zmiernenie obáv z neistej budúcnosti a humanitné aspekty. Komunikačné a personálne témy.

Saved in:
Bibliographic Details
Main Author: Oberhauser, Anton
Format: Book Chapter
Language:Slovak
Subjects:
Tags: Add Tag
No Tags, Be the first to tag this record!

MARC

LEADER 00000naa$a2200000$$$4500
001 0114169
005 20231116120912.9
041 0 |a slo 
044 |a SK 
245 1 0 |a Firemná komunikácia v turbulentných časoch láka aj personalistov: ako z nevýhody urobiť výhodu?  |c Anton Oberhauser 
520 |a Prvý workshop na Slovensku v Košiciach, venovaný téme firemná komunikácia. Správanie zamestnávateľa v ťažkých časoch. Zmiernenie obáv z neistej budúcnosti a humanitné aspekty. Komunikačné a personálne témy. 
610 2 0 |a manažment komunikačný 
610 2 0 |a riadenie ľudských zdrojov 
610 2 0 |a zamestnávatelia 
610 2 0 |a zamestnanci 
610 2 0 |a kríza hospodárska 
610 2 0 |a etika 
100 1 |a Oberhauser, Anton